Role pojistných matematiků v rámci Solventnosti II

Funkcie poistného matematika v rámci Solventnosti II. Európske aktuárske asociácie (Groupe Cosultatif) a CEIOPS. Hlavné body z návrhu Groupe Consultatif. Spolupráca českej spoločnosti aktuárov (ČSpA) pri zavedení direktív Európskej únie do českej legislatívy.

Saved in:
Bibliographic Details
Main Author: Lozsi, Imrich
Format: Book Chapter
Language:Czech
Subjects:
Tags: Add Tag
No Tags, Be the first to tag this record!

MARC

LEADER 00000naa$a2200000$$$4500
001 0109643
005 20231010082023.0
041 0 |a cze 
044 |a CZ 
245 1 0 |a Role pojistných matematiků v rámci Solventnosti II  |c Imrich Lozsi 
520 |a Funkcie poistného matematika v rámci Solventnosti II. Európske aktuárske asociácie (Groupe Cosultatif) a CEIOPS. Hlavné body z návrhu Groupe Consultatif. Spolupráca českej spoločnosti aktuárov (ČSpA) pri zavedení direktív Európskej únie do českej legislatívy. 
610 2 0 |a Česko 
610 2 0 |a Európska únia 
610 2 0 |a poisťovníctvo 
610 2 0 |a spolupráca medzinárodná 
610 2 0 |a metódy aktuárske 
610 2 0 |a matematika poistná 
100 1 |a Lozsi, Imrich